Dynamics of a Particle and of Rigid Bodies (Record no. 247491)

MARC details
000 -LEADER
fixed length control field 00458nam a2200181Ia 4500
008 - FIXED-LENGTH DATA ELEMENTS--GENERAL INFORMATION
fixed length control field 240921s9999||||xx |||||||||||||| ||und||
082 ## - DEWEY DECIMAL CLASSIFICATION NUMBER
-- 531.163 K0
100 ## - MAIN ENTRY--PERSONAL NAME
Personal name Loney S L
245 #0 - TITLE STATEMENT
Title Dynamics of a Particle and of Rigid Bodies
250 ## - EDITION STATEMENT
Edition statement 1st
260 ## - PUBLICATION, DISTRIBUTION, ETC. (IMPRINT)
Date of publication, distribution, etc 1960
Name of publisher, distributor, etc Canbridge University Press,New york
500 ## - GENERAL NOTE
General note Simple Pendulum
650 ## - SUBJECT ADDED ENTRY--TOPICAL TERM
Topical term or geographic name as entry element Dynamics
942 ## - ADDED ENTRY ELEMENTS (KOHA)
Item type Books
Holdings
Withdrawn status Lost status Damaged status Permanent location Current location Shelving location Date acquired Source of acquisition Cost, normal purchase price Full call number Barcode Date last seen Koha item type
      CENTRAL LIBRARY, NOORUL ISLAM CENTRE FOR HIGHER EDUCATION CENTRAL LIBRARY, NOORUL ISLAM CENTRE FOR HIGHER EDUCATION   05/09/2003 Nil 12.00 531.163 K0 446 09/21/2024 Books
Visitors:
Copyright © 2024 Central Library NICHE.  All rights reserved.